000 01783nam0a2200361 4500
001 RU\NLR\bibl\610518
005 20260405070421.0
010 _a5-317-01054-3
021 _aRU
_b2004-43206
_92146
035 _aRSL-KNO-002454100
035 _a(NLR Aleph) 000602417
090 _a5009
_c5009
100 _a20040722d2004 |||y0rusy50 ca
101 0 _arus
102 _aRU
105 _aa |||||||||
106 _ar
200 1 _aГосударственная служба как социально-экономическая система и объект управления
_fАль-Шамби Али Салех Муса
_g[Моск. гос. ун-т экономики, статистики и информатики, Каф. общ. менеджмента и статистики фирм]
210 _aМ.
_cМАКС Пресс
_d2004
215 _a81, [1] с.
_cил.
_d21
320 _aБиблиогр.: с. 81 (7 назв.)
606 0 _aГосударственная служба
_yЗарубежные страны
_92079326
_3RU\NLR\auth\661255203
610 0 _aГосударство и право. Юридические науки -- Административное право -- Капиталистические страны -- Государственный аппарат управления -- Государственная служба -- Пособие для специалистов
686 _aХ810.12,07
_2rubbk
686 _aХ810.12
700 1 _4070
_7ca
_8rus
_aАль-Шаиби
_bА. С. М.
_gАли Салех Муса
_96933
_3RU\NLR\AUTH\7723880
801 0 _aRU
_bRuMoRKP
_c20040722
_grcr
801 1 _aRU
_bRuMoRGB
_c20040722
801 2 _aRU
_bNLR
_c20050216
_gPSBO
942 _cBOOK
980 _aNB